| 000 | 00451nam a2200145 4500 | ||
|---|---|---|---|
| 001 | 132824 | ||
| 003 | ES-MaACL | ||
| 007 | t| | ||
| 008 | 070214s1942 sp r ||||1| spa d | ||
| 100 | 1 |
_aRosal, Juan del. _999636 |
|
| 245 | 1 | 0 |
_aNuevo sentido del Derecho Penal _b: (problemas de concepto, método y fuente) / _cJuan del Rosal. |
| 260 |
_aValladolid : _bLib. Santarén, _c1942. |
||
| 300 |
_a241 p. ; _c22 cm. |
||
| 852 |
_aES-MaACL _jB-3592 _bR.20447 |
||
| 999 |
_c132824 _d132824 |
||